| 000 | 00441nam a2200169Ia 4500 | ||
|---|---|---|---|
| 003 | STCL | ||
| 008 | 181203s9999 xx 000 0 und d | ||
| 020 | _a9780521120371 | ||
| 040 |
_aSTCL _bEN _cSTCL |
||
| 082 | _222 | ||
| 100 | _aCollins, Harry; Pinch, Trevor | ||
| 245 | 4 | _aThe Golem: what you should know about science | |
| 260 |
_bCambridge University Press _aNew Delhi _c2009 |
||
| 300 | _a192 | ||
| 546 | _aEnglish | ||
| 942 |
_2ddc _cBK |
||
| 999 |
_c82901 _d82901 |
||